000
00297nam a2200133 a 4500
005
20140414093837.0
008
030610s19uu xx 00 eng d
050
_a
CDR 500
_b
SCI 2000
245
_a
Science Deluxe.
650
_a
Science.
650
_a
CD-ROM.
942
_c
AVM
999
_c
109073
_d
109073